| 000 | 00709nam a2200229 a 4500 | ||
|---|---|---|---|
| 001 | 55035 | ||
| 003 | BD-RjUL | ||
| 005 | 20211209080215.0 | ||
| 008 | 161113b1982 enk||||| |||| 001 0 eng d | ||
| 020 | _a0412233703 | ||
| 035 | _a(BD-RjUL)55157 | ||
| 040 |
_dBD-RjUL _aBD-RjUL _beng _cBD-RjUL |
||
| 041 | _aeng | ||
| 082 | 0 |
_a005.11 _223 _bFOP 1982 |
|
| 100 | 1 |
_aForsyth, Richard. _9164070 |
|
| 245 | 1 | 0 |
_aPascal at work and play : _ban introduction to computer programming in Pascal / _cRichard S. Forsyth. |
| 260 |
_aLondon ; _bChapman and Hall, _cc1982. |
||
| 300 |
_aviii, 325 p. : _bill. ; _c24 cm. |
||
| 500 | _aIncludes index. | ||
| 650 | 0 |
_aPascal (Computer program language) _9118190 |
|
| 942 |
_2ddc _cBK |
||
| 999 |
_c55035 _d55035 |
||